| 000 | 00815nam a22002537a 4500 | ||
|---|---|---|---|
| 005 | 20230512123132.0 | ||
| 008 | 171129t xxu||||| |||| 00| 0 eng d | ||
| 020 | _a9789715849258 | ||
| 040 | _cCSPC | ||
| 082 | 0 |
_a160 _bP184l |
|
| 100 |
_aPalmiano, Dariel A. _eauthor. |
||
| 245 | 0 | 0 |
_aLogic make sense _cDariel A. Palmiano |
| 260 |
_aQuezon City : _bC & E Publishing, _c2010. |
||
| 300 |
_a234 pages : _billustrations, tables ; _c25 cm. |
||
| 336 |
_2rdacontent _atext |
||
| 337 |
_2rdamedia _aunmediated |
||
| 338 |
_2rdacarrier _avolume |
||
| 504 | _aIncludes bibliography (pages 233-234). | ||
| 650 | 1 | 0 | _aPhilosophy. |
| 940 | _aLenie | ||
| 942 |
_cBOOK _jFIL 160 P184l 2010 |
||
| 999 |
_c91 _d91 |
||